000 00767nam a2200229 4500
001 145504
003 ES-MaACL
005 20230906201239.0
007 t|
008 070214s1981 mx r ||||1| spa d
080 _a517.54
100 1 _aSpiegel, Murray R.
_9107717
245 1 0 _aTeoría y problemas de variable compleja /
_cMurray R. Spiegel ; traducción y adaptación de Carlos J. Rodríguez Buitrago.
260 _aMéxico :
_bMc Graw-Hill,
_c1981.
300 _a318 p. :
_bil. ;
_c27 cm.
490 1 _aSerie de compendios Schaum
650 4 _aFunciones de variable compleja.
_9148241
700 1 _aRodríguez Buitrago, Carlos J.
_998387
830 0 _aSerie de compendios Schaum
_9181142
852 _aES-MaACL
_jL-2085
_bR.102687
999 _c145504
_d145504